00831nam a2200253 a 4500001001000000005001700010008004100027041000800068044000800076050002100084100002300105245007900128260003600207300004200243500000900285610003600294650002800330650004000358700003100398902000800429942001100437999001500448952011400463BRCA_361920190320204345.0240809s1962----nyua---###---#000-0#eng-# aeng anyu 4aN2280b.M46 19621 aMenz, Henner9930410aThe Dresden GallerycHenner Menz ; tr. from the German by Daphne Woodward. aNew YorkbHarry N. Abramsc1962 a320 p.bil. (algunas a color)c22 cm. aB29124aGemalde-Galerie (Dresden)9938614aPinturasxDresden9930614aGalerías y museoszAlemania950591 aWoodward, Daphneetr99387 aGFM 2lcccB c3354d3354 00104070aBRCAbBRCAd2009-08-24iB291l0oN2280 .M46 1962 (B291)p3616r2019-03-22 00:00:00w2019-03-22yB